000 01206nam a2200205Ia 4500
008 240825s9999 xx 000 0 und d
020 _a9780749446505
_qpbk
041 _aeng
082 _a005.8
_bCAL
100 _aCalder, Alan
245 0 _aIt Governance 3Rd/Edition
_c/ Alan Calder Steve Watkins
250 _a3rd Ed
260 _c2006
_aLondon
_bKogan page
300 _axiv, 368 pages :
_c24 cm.
504 _aindex
520 _aWhether used as a textbook in academic settings, a reference guide in professional contexts, or a self-study resource, this textbook caters to diverse learning needs and preferences. Its organized structure and accessible language make it suitable for individuals at various stages of their academic or professional journey. Salvatore Esposito De Falco is Full Professor of Corporate Governance at Sapienza University of Rome, Italy, where he holds the Chair of Corporate Governance. He has been a visiting professor at Northern Illinois University in Chicago (USA), Baruch College in New York (USA) and the University of Aalborg in Aalborg (Denmark).
650 _aCorporate governance Law and legislation
700 _aCorporate governance
942 _cENGLISH
999 _c540562
_d540562